| 000 | 00824nam a2200205 a 4500 | ||
|---|---|---|---|
| 003 | 0 | ||
| 005 | 20250207144402.0 | ||
| 008 | 130824s19uu xx 00 eng d | ||
| 050 |
_aPHS LB 3051 _b.T161 2012 |
||
| 100 | _aTanaka, Alexander Hiro O. | ||
| 245 |
_aThe different between stress management skills & KRI targets in school / _cAlexander Hiro O. Tanaka. |
||
| 260 |
_aLas PiƱas City, Philippines : _bSouthville International School and Colleges, _c2012. |
||
| 300 |
_a29 pages : _billustrations ; _c28 cm. |
||
| 504 | _aIncludes bibliographical references. | ||
| 650 |
_aEducational tests and measurements _vStudent performance. |
||
| 650 |
_aStress management _v Educational aspects. |
||
| 650 |
_aStudent stress _vCoping strategies. |
||
| 650 |
_aAcademic achievement _vEducational assessment. |
||
| 942 |
_2lcc _cPASS |
||
| 999 |
_c98958 _d98958 |
||